| 000 | 00720nam a22002657a 4500 | ||
|---|---|---|---|
| 003 | UA-OsUOA | ||
| 001 | 22882 | ||
| 007 | ta | ||
| 008 | 20031226b un ||||| |||| 00| 0 ukr d | ||
| 100 | _aЖоль Константин | ||
| 700 | _aВыдрин Дмитрий | ||
| 090 |
_a299.5 _bЖ79 |
||
| 942 | _cBK | ||
| 040 |
_aUA-OsUOA _brus _cUA-OsUOA _dUA-OsUOA |
||
| 245 |
_aКуда бредет пилигрим _bВосточные религии, культура, молодежь |
||
| 300 |
_a232 с. _bІлюстрації |
||
| 955 | _a0 | ||
| 041 | _arus | ||
| 080 | _a299.5 | ||
| 020 | _a5-7720-0023-3 | ||
| 260 |
_aКиев _bМолодь _c1988 |
||
| 044 | _aUA | ||
| 650 | 7 | _2UDC | |
| 999 |
_c309114 _d309114 |
||